| 000 | 00602nam a2200181Ia 4500 | ||
|---|---|---|---|
| 005 | 20250508153414.0 | ||
| 008 | 008 250505s9999 xx 000 0 eng d | ||
| 037 | _aBooks to be hide in OPAC | ||
| 040 |
_aFEDL _beng _cFEDL |
||
| 041 |
_aeng _2eng |
||
| 084 |
_a370.7, UNI/O _qFEDL |
||
| 100 |
_aMarks Mary V _9763901 |
||
| 245 | 0 | _aGuidelines for teacher education programs in distributive education : Report of a national conference | |
| 260 |
_aWashington, USA _bU.S. Government Printing Office _c1962 |
||
| 300 | _a33p. | ||
| 942 |
_cHB _h370.7, UNI/O |
||
| 999 |
_c1342631 _d1342631 |
||